000 00567cam5a220019300 4500
001 tmp15943652
003 UPRA
005 20190822110027.0
008 951114s1976 xx eng u
035 _a(Sirsi) r50745
035 _a(UPRA)tmp15943652
040 _cUPRA
100 1 _aKnittl, Zdenek.
_6A8601.1
245 1 0 _aOptics of thin films :
_b[an optical multilayer theory].
260 _c1976.
949 _aQC176.84
_wlcc
_i33729001805626
_mMAIN
_p2500
_tBOOK
_lON-SHELF
949 _aQC176.84
_wlcc
_i33729001805683
_mMAIN
_p2500
_tBOOK
_lON-SHELF
004 50745
999 _c131722
_d131722